000 00278nam a22001337a 4500
008 170621b xxu||||| |||| 00| 0 eng d
020 _a9780631166283
041 _aeng
080 _a32
100 _a20
101 _aSHP
245 _aCAPITALISM
_cPAUL, E.F
942 _2udc
_cBK
999 _c18534
_d18534